Logo biblioteca
Santa Fe 2917, Rosario, Santa Fe
Lu-Vi 8 a 19.45
+54-341-4232362
bibliotecaeudoro@gmail.com
Facebook Biblioteca Pedagógica
Sitio web

El caballero del hongo gris / (Registro nro. 32484)

Detalles MARC
000 -CABECERA
campo fijo de control de longitud 00745nam a2200229 4500
001 - NÚMERO DE CONTROL
campo de control 32484
003 - IDENTIFICADOR DEL NÚMERO DE CONTROL
campo de control AR-RoBPED
005 - FECHA Y HORADE LA ULTIMA TRANSACCION
campo de control 20260401100616.0
008 - ELEMENTOS DE LONGITUD FIJA--INFORMACION GENERAL
campo fijo de control de longitud 260331s1970 es ||||er|||| 00| 1 spa d
040 ## - FUENTE CATALOGADORA
Centro catalogador/agencia de origen AR-RoBPED
041 ## - IDIOMA
Código de idioma para texto/pista de sonido o título independiente spa
100 1# - ENCABEZAMIENTO PRINCIPAL--AUTOR PERSONAL
Nombre de persona Gómez de la Serna, Ramón
Fechas nac-muerte 1888-1963
9 (RLIN) 6960
245 13 - TITULO
Título El caballero del hongo gris /
Mención de responsabilidad Ramon Gomez de la Serna y Gaspar Gomez de la Serna.
260 ## - PUBLICACION
Lugar España:
Editor Salvat,
Fecha 1970.
300 ## - DESCRIPCION FISICA
Extensión 177 p.
490 0# - SERIE
Mención de serie (Biblioteca Básica Salvat)
650 #4 - TERMINO DE MATERIA--CONTROLADO
Término controlado LITERATURA ESPAÑOLA
9 (RLIN) 687
Término controlado NOVELAS
9 (RLIN) 25
700 ## - ENCABEZAMIENTO SECUNDARIO--AUTOR PERSONAL
Nombre de persona Gómez de la Serna, Gaspar
Fecha de nac-muerte 1918-1974
9 (RLIN) 30678
Función prol.
942 ## - ELEMENTOS KOHA
Fuente de clasificación Universal Decimal Classification
Número Koha k. 32484
Koha tipo de ítem Libro
Clasificación 860-31
Signatura librística G 68 c
Inventario inv. 42346
945 ## - PROCESAMIENTO DE LA INFORMACIÓN LOCAL
Catalogador y fecha mm 31/03/2026 - cd 01/04/2026
Existencias
Estado retirado Estado perdido Fuente de clasificación Estado dañado No se presta Biblioteca propietaria Biblioteca de reserva Fecha de adquisición Procedencia Total de préstamos Signatura topográfica completa Código de barras (nº de inventario) Fecha visto por última vez Catalogador y fecha Tipo de ítem Koha Nota pública
    Universal Decimal Classification     Biblioteca Pedagógica Eudoro Díaz Biblioteca Pedagógica Eudoro Díaz 31/03/2026 Donacion   860-31 G 68c 42346 31/03/2026 mm 31/03/2026 Libro Se presta 15 días.